Central Library OPAC University of Rajshahi

The All India criminal digest, 1941-1950 / (Record no. 46396)

MARC details
000 -LEADER
fixed length control field 00711cam a2200229u 4500
001 - CONTROL NUMBER
control field 46396
003 - CONTROL NUMBER IDENTIFIER
rucl marc code BD-RjUL
005 - DATE AND TIME OF LATEST TRANSACTION
control field 20211209054139.0
008 - FIXED-LENGTH DATA ELEMENTS--GENERAL INFORMATION
fixed length control field 160802s1951 ii 000 0 eng
035 ## - SYSTEM CONTROL NUMBER
System control number (BD-RjUL)46514
040 ## - CATALOGING SOURCE
Original cataloging agency DLC
Transcribing agency CarP
Modifying agency DLC
Language of cataloging eng
041 ## - LANGUAGE CODE
Language code of text/sound track or separate title eng
082 ## - DEWEY DECIMAL CLASSIFICATION NUMBER
Edition number 23
Author mark and year AIA 1951
Classification number 345.0954
100 1# - MAIN ENTRY--PERSONAL NAME
Personal name Aiyar, Krishna Jagadisa,
Dates associated with a name 1885-
9 (RLIN) 141111
245 14 - TITLE STATEMENT
Title The All India criminal digest, 1941-1950 /
Statement of responsibility, etc. Krishna Jagadisa Aiyar
260 ## - PUBLICATION, DISTRIBUTION, ETC. (IMPRINT)
Place of publication, distribution, etc. Allahabad :
Name of publisher, distributor, etc. Law Book Co.,
Date of publication, distribution, etc. 1951.
300 ## - PHYSICAL DESCRIPTION
Pagination liv, 1740 p. ;
Size 26 cm.
650 #0 - SUBJECT ADDED ENTRY--TOPICAL TERM
Topical term or geographic name as entry element Criminal law
Geographic subdivision India
Form subdivision Digests.
9 (RLIN) 141661
Topical term or geographic name as entry element Criminal procedure
Geographic subdivision India
Form subdivision Digests.
9 (RLIN) 141662
942 ## - ADDED ENTRY ELEMENTS (KOHA)
Source of classification or shelving scheme Dewey Decimal Classification
Koha item type Books
Holdings
Lost status Source of classification or shelving scheme Damaged status Not for loan Collection code Permanent Location Current Location Shelving location Date acquired Source of acquisition Cost, normal purchase price Total Checkouts Full call number Date last seen Copy number Koha item type
  Dewey Decimal Classification     Non-fiction Central Library, University of Rajshahi Central Library, University of Rajshahi   12/07/1955 pak law house 25.00   345.0954 AIA 1951 02/08/2016 C-2 Books